000 00403nam a2200157Ia 4500
008 230917s9999||||xx |||||||||||||| ||und||
020 _cPOU4.5
040 _e2956
_aMAIN
041 _aEnglish
082 _a363.2 C549P
100 _aClark, Robert S
245 0 _aPolice and the community: An anlytic perspective
260 _aNew York
_bNew View Points
_c1979
300 _axi, 294 p.
942 _cBK
999 _c212579
_d212579